00467nam a2200193Ia 4500008004100000041001200041082001200053100001800065245003000083260003600113300000800149365000800157520001200165546001200177630003000189650001200219655001200231730003000243101110s9999 xx 000 0 und d aENGLISH bSR34225 aShroff Arshad aClassical mechanics TYBSC c2010bSheth pub pvt ltd, Mumbai a236 b100 aPhysics aENGLISH aClassical mechanics TYBSC aPhysics aPhysics aClassical mechanics TYBSC